Sports Quiz

Random Sports or Football Quiz
Score 0/56 Timer 10:00
0 Plays Today
Playing Period Player % Correct
1993-2011Ronaldo
89.5%
1999-PresentZlatan Ibrahimovic
84.3%
1980-2000Abedi Pele
80.7%
1956-1977Pele
80.4%
1989-2006Zinedine Zidane
77.4%
1976-1997Diego Maradona
75.6%
1998-PresentRonaldinho
75%
1990-PresentRyan Giggs
68.7%
1994-2012Andriy Shevchenko
64.5%
1985-2003George Weah
63.9%
1961-1976Gigi Riva
63.6%
1991-2009Pavel Nedved
62%
1963-1981Gerd Muller
61.1%
1985-2009Romario
61.1%
1972-1987Michel Platini
60.8%
1963-1984George Best
59.9%
1943-1966Ferenc Puskas
59.6%
1957-1979Eusebio
59%
1991-PresentAlessandro Del Piero
58.4%
1991-2012Roberto Carlos
56.3%
1992-PresentFrancesco Totti
56%
1964-1983Franz Beckenbauer
56%
1989-2009Luis Figo
55.7%
1945-1966Alfredo Di Stefano
54.8%
1981-2003Hristo Stoichkov
53.6%
1973-1987Paolo Rossi
52.7%
1971-1994Zico
52.4%
1982-2004Roberto Baggio
52.1%
Playing Period Player % Correct
1979-1998Ruud Gullit
49.1%
1979-2000Lothar Matthaus
47%
1950-1962Just Fontaine
42.2%
1953-1973Luis Suarez
40.7%
1977-1997Franco Baresi
38.9%
1976-1997Hugo Sanchez
38.9%
1961-1983Dino Zoff
38.6%
1970-1996Mario Kempes
37.3%
1980-2000Carlos Dunga
36.4%
1974-1989Karl-Heinz Rummenigge
36.4%
1991-PresentJavier Zanetti
36.1%
1975-1988Zbigniew Boniek
34%
1949-1967Raymond Kopa
31.9%
1959-1979Gianni Rivera
31%
1969-1990Oleg Blokhin
29.2%
1983-1997Eric Cantona
28.3%
26.8%
1965-1981Roberto Rivelino
21.4%
1952-1971Francisco Gento
19.3%
1948-1964Nilton Santos
17.8%
1979-1997Igor Belanov
17.2%
1960-1978Giacinto Facchetti
14.8%
1985-2010Rene Higuita
14.8%
1975-1992Rabah Madjer
14.2%
1985-2010Aldair
11.1%
1948-1968Alcides Ghiggia
7.2%
1970-1989Giancarlo Antognoni
3.6%
1928-1940Francisco Varallo
1.8%
Remove Ads.
Support Sporcle.
Get the best of Sporcle when you Go Orange. This ad-free experience offers more features, more stats, and more fun while also helping to support Sporcle. Thank you for becoming a member.

You're not logged in!

Compare scores with friends on all Sporcle quizzes.
OR
Log In

Show Comments

Extras

Top Quizzes Today


Score Distribution

Your Account Isn't Verified!

In order to create a playlist on Sporcle, you need to verify the email address you used during registration. Go to your Sporcle Settings to finish the process.

Report this User

Report this user for behavior that violates our Community Guidelines.

Details: